00527nam a2200193 a 4500001001300000003000900013005001700022008004100039020000900080082001500089100002000104245006700124260004300191300000900234500003500243505001300278650002200291700002000313nice12345678IN_TiNIC20260116011547.0050524s1938 lona grp 000 0 eng  ac9600a269.2bDAV aDavidson, Flora aHidden Highway Experiences on the North-West Frontire of India aLondonbFleming H Revell Compantc1938 a191p aincludes index and biblioraphy2 aGlossary aEvangelistic Work1 aDavidson, Flora